000 00539nam a2200181Ia 4500
999 _c16559
_d16559
003 OSt
005 20200606115938.0
008 190216s9999||||xx |||||||||||||| ||und||
020 _a8190244027
040 _cMESKC library
082 _a364.36
_bCHA/K
100 _aChaursiya, Harshvardan
_9174
245 0 _aKishore Aparath Evam Nidhan /
_cHarshvardan Chaursiya
260 _bShakthi Prakashan Mandir,
_c2008.
_aAllahabad :
300 _a88p
650 _aHindi
942 _cBK
_2ddc
_h364.36
_iCHA/K
_k364.36
_mCHA/K